00679nam a2200193 i 450000100060000000300090000600500170001500700030003200800410003510000380007624501420011426000460025630000220030250400320032465100370035670000410039370000300043485200210046464955ES-MaACL20250907063046.0t|040107q1919 xxu ||||1| eng d0 aFowler, Harold North, d1859-195512aA handbook of Greek archaeology / cby Harold North Fowler and James Rignall Wheeler ; with the collaboration of Gorham Phillips Stevens. aNew York : bAmerican Book comp., c1919. a559 p. ; c19 cm. aBibliografía: p. 542-550. 4aGrecia-xRestos arqueológicos.1 aWheeler, James Rignall (d1859-1918)1 aStevens, Gorham Phillips. aES-MaACLjF-1609